000
00184nam a2200085 4500
001
1244296
005
20251020115202.0
245
_a
DARMADAĞIN
_c
KARİN SLAUGHTER
260
_b
KIRMIZI KEDİ
999
_c
1244296
_d
1244296